000
00228nam a2200097Ia 4500
008
230915s9999 xx 000 0 und d
050
_a
HD 9080.5 .Z45
100
_a
VALARIE ZEITHAML
245
0
_a
SERVICES MARKETING
942
_c
BK
999
_c
78063
_d
78063